01685nas a2200241Ia 4500001001100000003001000011008004100021040002500062041001300087100004000100210001200140222001200152245008000164250001100244260005100255300001100306310001500317362003500332500047400367501011400841520047400955650001401429R240-R2897IT-CnALBA170116c99999999xx |||||||||||| ||und|| aIT-CnALBAcIT-CnALBA aITALIANO aABLONDI ALBERTO, VESCOVO DI LIVORNO aSE VUOI aSE VUOI 0aSE VUOI, RIVISTA DI ORIENTAMENTO. N. I. ANNO XXIII. GENNAIO FEBBRAIO 1982.  a1a ed. aCINISELLO BALSAMO (MI)bEDIZIONI PAOLINEc1982 a66 p.  aBIMESTRALE aFascicolo: 1 / Anno: 23 (1982) aINDICE ANNATA 1981. MONGILLO D. CAGNASSO F. BONINO G. FABBRETTI N. HANDICAPPATO INUTILE. ATTESA E INCONTRO FASI DELLA CHIAMATA. FAMIGLIA VOCABOLARIO DELLE VOCAZIONI. TESTIMONIANZA DALLE MISSIONI. SALITA' INSIEME POESIE. VITA INTERIORE. FRATE OPERAIO FRANCESCO. RICERCA, FOTOLINGUAGGIO. RELIGIOSI PIME, PONTIFICIO ISTITUTO MISSIONI ESTERE. CELLULA DI CHIESA, TESTIMONIANZA. MOVIMENTO PAX CHRISTI. PAROLA AI LETTORI, AZIONE E PREGHIERA, NASCITA DI Una comunità'' VERA.  aSocietà San Paolo EM - Piazza San Paolo, 14 - 12051 ALBA (CN) (non commercial uses only) ® Copyright 2017 aINDICE ANNATA 1981. MONGILLO D. CAGNASSO F. BONINO G. FABBRETTI N. HANDICAPPATO INUTILE. ATTESA E INCONTRO FASI DELLA CHIAMATA. FAMIGLIA VOCABOLARIO DELLE VOCAZIONI. TESTIMONIANZA DALLE MISSIONI. SALITA' INSIEME POESIE. VITA INTERIORE. FRATE OPERAIO FRANCESCO. RICERCA, FOTOLINGUAGGIO. RELIGIOSI PIME, PONTIFICIO ISTITUTO MISSIONI ESTERE. CELLULA DI CHIESA, TESTIMONIANZA. MOVIMENTO PAX CHRISTI. PAROLA AI LETTORI, AZIONE E PREGHIERA, NASCITA DI Una comunità'' VERA.  aVOCAZIONE